000 00365nam a2200133Ia 4500
008 220204s9999 xx 000 0 und d
020 _a8185680590
082 _a633
_bMAL
100 _aMaloo, S R
245 0 _aSustainable crop production under stress environments
260 _aUdaipur
_bAgrotech Publishiing Academy
_c2002
650 _aAgroforestry
942 _cBK
999 _c41873
_d41873